|
|
|
|
| LEADER |
02168nam a2200493 i 4500 |
| 001 |
EBC1782885 |
| 003 |
MiAaPQ |
| 005 |
20200903223051.0 |
| 006 |
m o d | |
| 007 |
cr cnu|||||||| |
| 008 |
140822t20142014sz ab ob 000 0 eng d |
| 020 |
|
|
|z 9783319060217
|
| 020 |
|
|
|a 9783319060224 (e-book)
|
| 035 |
|
|
|a (MiAaPQ)EBC1782885
|
| 035 |
|
|
|a (Au-PeEL)EBL1782885
|
| 035 |
|
|
|a (CaPaEBR)ebr10883135
|
| 035 |
|
|
|a (CaONFJC)MIL644743
|
| 035 |
|
|
|a (OCoLC)881624540
|
| 040 |
|
|
|a MiAaPQ
|b eng
|e rda
|e pn
|c MiAaPQ
|d MiAaPQ
|
| 043 |
|
|
|a f------
|
| 050 |
|
4 |
|a HC800
|b .S454 2014
|
| 082 |
0 |
|
|a 338.96
|2 23
|
| 245 |
0 |
0 |
|a Selected themes in African development studies :
|b economic growth, governance and the environment /
|c Lucky Asuelime, Joseph Yaro, Suzanne Francis, editors.
|
| 264 |
|
1 |
|a Cham, Switzerland :
|b Springer,
|c 2014.
|
| 264 |
|
4 |
|c 2014
|
| 300 |
|
|
|a 1 online resource (150 pages) :
|b illustrations, maps.
|
| 336 |
|
|
|a text
|2 rdacontent
|
| 337 |
|
|
|a computer
|2 rdamedia
|
| 338 |
|
|
|a online resource
|2 rdacarrier
|
| 490 |
1 |
|
|a Advances in African Economic, Social and Political Development,
|x 2198-7270
|
| 504 |
|
|
|a Includes bibliographical references.
|
| 588 |
|
|
|a Description based on print version record.
|
| 590 |
|
|
|a Electronic reproduction. Ann Arbor, MI : ProQuest, 2016. Available via World Wide Web. Access may be limited to ProQuest affiliated libraries.
|
| 650 |
|
0 |
|a Economic development
|z Africa.
|
| 651 |
|
0 |
|a Africa
|x Economic policy.
|
| 651 |
|
0 |
|a Africa
|x Economic conditions.
|
| 655 |
|
4 |
|a Electronic books.
|
| 700 |
1 |
|
|a Asuelime, Lucky,
|e editor.
|
| 700 |
1 |
|
|a Yaro, Joseph,
|e editor.
|
| 700 |
1 |
|
|a Francis, Suzanne,
|e editor.
|
| 776 |
0 |
8 |
|i Print version:
|t Selected themes in african development studies : economic growth, governance and the environment.
|d Cham, Switzerland : Springer, c2014
|h vi, 148 pages
|k Advances in African economic, social and political development.
|z 9783319060217
|w 2014941730
|
| 797 |
2 |
|
|a ProQuest (Firm)
|
| 830 |
|
0 |
|a Advances in African economic, social and political development.
|
| 856 |
4 |
0 |
|u https://ebookcentral.proquest.com/lib/matrademy/detail.action?docID=1782885
|z Click to View
|